Lecciones de pediatría explicadas durante el curso académico 1952-53 / (Record no. 88367)

MARC details
000 -LEADER
campo de control de longitud fija 00573nam a2200169 i 4500
001 - NÚMERO DE CONTROL
campo de control 88367
003 - IDENTIFICADOR DE NÚMERO DE CONTROL
campo de control ES-MaACL
005 - FECHA Y HORA DE LA ÚLTIMA TRANSACCIÓN
campo de control 20250915063037.0
007 - CAMPO FIJO DE DESCRIPCIÓN FÍSICA--INFORMACIÓN GENERAL
campo de control de longitud fija t|
008 - DATOS DE LONGITUD FIJA--INFORMACIÓN GENERAL
campo de control de longitud fija 050104s1954 sp ||||1| spa d
100 1# - ENTRADA PRINCIPAL--NOMBRE DE PERSONA
Nombre de persona Laguna Serrano, Ciriaco,
Fechas asociadas al nombre 1905-1991
9 (RLIN) 69630
245 10 - MENCIÓN DEL TÍTULO
Título Lecciones de pediatría explicadas durante el curso académico 1952-53 /
Mención de responsabilidad, etc. Ciriaco Laguna Serrano.
260 ## - PUBLICACIÓN, DISTRIBUCIÓN, ETC.
Lugar de publicación, distribución, etc. Madrid :
Nombre del editor, distribuidor, etc. Científico Médica Española,
Fecha de publicación, distribución, etc. 1954 (
Fabricante José Luis Cosano)
300 ## - DESCRIPCIÓN FÍSICA
Extensión VI, 590 p. ;
Dimensiones 25 cm.
852 ## - LOCALIZACIÓN
Ubicación ES-MaACL
Número de control de estantería C-8294
Sublocalización o colección R.36457
Holdings
Estatus retirado Estado de pérdida Estado de daño No para préstamo Biblioteca de origen Biblioteca actual Ubicación en estantería Fecha de adquisición Fuente de adquisición Total de préstamos Signatura topográfica completa Código de barras Visto por última vez Precio de reemplazo Tipo de ítem Koha
        Biblioteca del Ateneo de Madrid Biblioteca del Ateneo de Madrid Sala Palomar 17/01/2008     C-8294 1092310 23/02/2023 23/02/2023 Libro impreso